Statistics for The American Revolutionary War Quiz

Click here to take the quiz!

General Stats

  • This quiz has been taken 126 times
  • The average score is 13 of 22

Answer Stats

QuestionAnswer% Correct
What was the document they used to declare their independence? (This is an obvious answer)The Declaration of Independence
97%
Where did the first battle take place ( known as "The Shot Heard Around The World")?Battle of Lexington and Concord
95%
When was the date when the colonies declared their independence?July 4th, 1776
92%
What group of soldiers that were from Germany sided with the British?The Hessians
89%
Where did the colonies declared their independence?Philadelphia
88%
What battle is one of the famous battlefields that the British won?The battle at Bunker Hill
85%
Where did the British surroundered?Yorktown
85%
Where was the turning point that gave the patriots the winning side?Battle of Saratoga
78%
After the war ended, when event was sparked?The French Revolution
71%
What was that city that they took back when doing this?Trenton
71%
What big city did the British conquered in the beginning of this conflict?New York City
63%
When was the Boston Tea Party?December 16, 1773
59%
When was this battle?September and October of 1777
51%
How many colonists (including slaves) were killed during the Boston Massacre?5 people
48%
When did this battle take place?June 17th, 1775
41%
When did the Revolutionary War ended?September 3rd, 1783
39%
What date was this event on?October 19th, 1781
38%
When did the Revolutionary War start?April 19th, 1775
35%
When was the Boston Massacre?January 15, 1771
35%
When did this take place?December 26, 1776
16%
When was this taken place?August 14th, 1776
13%
What river did General Washington and his army crossed and made the "German" army surrender and which was on the other side of the river? (Hint: German meaning the answer from the question above)The Patapaco River
0%

Score Distribution

Percentile by Number Answered

Percent of People with Each Score

Your Score History

You have not taken this quiz